<?xml version="1.0" encoding="UTF-8"?>
<collection xmlns:xsi="http://www.w3.org/2001/XMLSchema-instance" xsi:schemaLocation="http://www.loc.gov/MARC21/slim http://www.loc.gov/standards/marcxml/schema/MARC21slim.xsd" xmlns="http://www.loc.gov/MARC21/slim">
 <record>
  <leader>00000nam a2200000 i 4500</leader>
  <controlfield tag="001">UP-1685523046126130409</controlfield>
  <controlfield tag="003">Buklod</controlfield>
  <controlfield tag="005">20230524140109.0</controlfield>
  <controlfield tag="006">m    |o  d |      </controlfield>
  <controlfield tag="007">cr |||||||||||</controlfield>
  <controlfield tag="008">230524s2022    mau        u        eng  </controlfield>
  <datafield tag="020" ind1=" " ind2=" ">
   <subfield code="a">9780262373494 (ebook)</subfield>
  </datafield>
  <datafield tag="035" ind1=" " ind2=" ">
   <subfield code="a">22057042</subfield>
  </datafield>
  <datafield tag="040" ind1="0" ind2=" ">
   <subfield code="a">DLC</subfield>
   <subfield code="d">DCAL</subfield>
   <subfield code="e">rda</subfield>
  </datafield>
  <datafield tag="041" ind1="1" ind2=" ">
   <subfield code="a">eng</subfield>
   <subfield code="h">ger</subfield>
  </datafield>
  <datafield tag="090" ind1="0" ind2="0">
   <subfield code="a">PN 45</subfield>
   <subfield code="b">G5273513 2022eb</subfield>
  </datafield>
  <datafield tag="100" ind1="1" ind2=" ">
   <subfield code="a">Gilbert, Annette</subfield>
   <subfield code="d">1975-</subfield>
   <subfield code="e">author.</subfield>
  </datafield>
  <datafield tag="240" ind1="1" ind2="0">
   <subfield code="a">Im toten Winkel der Literatur.</subfield>
   <subfield code="l">English</subfield>
  </datafield>
  <datafield tag="245" ind1="1" ind2="0">
   <subfield code="a">Literature's elsewheres</subfield>
   <subfield code="b">on the necessity of radical literary practices</subfield>
   <subfield code="c">Annette Gilbert ; translated by the Cadenza Academic Translations team and Antonia Hirsch.</subfield>
  </datafield>
  <datafield tag="264" ind1=" " ind2="1">
   <subfield code="a">Cambridge, Massachusetts</subfield>
   <subfield code="b">The MIT Press</subfield>
   <subfield code="c">[2022]</subfield>
  </datafield>
  <datafield tag="300" ind1=" " ind2=" ">
   <subfield code="a">1 online resource (vi, 419 pages)</subfield>
   <subfield code="b">illustrations</subfield>
  </datafield>
  <datafield tag="336" ind1=" " ind2=" ">
   <subfield code="a">text</subfield>
   <subfield code="2">rdacontent</subfield>
  </datafield>
  <datafield tag="337" ind1=" " ind2=" ">
   <subfield code="a">computer</subfield>
   <subfield code="2">rdamedia</subfield>
  </datafield>
  <datafield tag="338" ind1=" " ind2=" ">
   <subfield code="a">online resource</subfield>
   <subfield code="2">rdacarrier</subfield>
  </datafield>
  <datafield tag="504" ind1=" " ind2=" ">
   <subfield code="a">Includes bibliographical references and index.</subfield>
  </datafield>
  <datafield tag="505" ind1="0" ind2="0">
   <subfield code="a">Becoming a literary work : by way of introduction. part I: Status of the work. Literary work as an instantial entity -- &quot;Non-retinal literature&quot; : dematerialization in/of literature -- &quot;It's the idea that counts&quot; : on the status of ideas in propositional literature. -- part II: Materiality and integrity of the work. Stéphane Mallarmés A Throw of the Dice as a paradigm of literary site-specificity -- Pageworks : the second dimension of literature -- Booksworks : the third dimension of literature -- &quot;The critical investigation of the 'bookness' of the book&quot;. -- part III: Attribution and identity of the work. Aggressive appropriation -- Appropriation literature : one text, two works -- A series of unique copies : different texts, one work -- Translations as transcreations. -- part IV: Sociality and autonomy of the work. Site-specificity and context-sensitivity -- &quot;A kind of writing through publishing&quot; -- System test : institutional critique of the white spaces of literature. -- Coda : the (literary) work as matter of negotiation</subfield>
  </datafield>
  <datafield tag="520" ind1="0" ind2=" ">
   <subfield code="a">&quot;Investigating experimental and avant-garde works of art as literature, Gilbert probes what art can't see about the literary and what literature has overlooked in the arts&quot;--Provided by publisher.</subfield>
  </datafield>
  <datafield tag="520" ind1="0" ind2=" ">
   <subfield code="a">&quot;What is a literary work? In Literature's Elsewheres, Annette Gilbert tackles this question by deploying an extended concept of literature, examining a series of diverse, radical experimental works from the 1950s to the present that occupy the liminal zone between art and literature. These works--by American Artist, Allison Parrish, Natalie Czech, Stephanie Syjuco, Fiona Banner, Elfriede Jelinek, Dan Graham, Robert Barry, George Brecht, and others--represent a pluralized literary practice that imagines a different literature emerging from its elsewheres.&quot;--Page 4 of cover</subfield>
  </datafield>
  <datafield tag="650" ind1="0" ind2="0">
   <subfield code="a">Literature</subfield>
   <subfield code="x">Philosophy.</subfield>
  </datafield>
  <datafield tag="650" ind1="0" ind2="0">
   <subfield code="a">Literature, Experimental </subfield>
   <subfield code="x">History and criticism.</subfield>
  </datafield>
  <datafield tag="650" ind1="0" ind2="0">
   <subfield code="a">Literature, Modern</subfield>
   <subfield code="x">History and criticism</subfield>
   <subfield code="x">Theory, etc.</subfield>
  </datafield>
  <datafield tag="650" ind1="0" ind2="0">
   <subfield code="a">Art and literature.</subfield>
  </datafield>
  <datafield tag="650" ind1="0" ind2="0">
   <subfield code="a">Publishers and publishing. </subfield>
  </datafield>
  <datafield tag="650" ind1="0" ind2="0">
   <subfield code="a">Electronic books.</subfield>
  </datafield>
  <datafield tag="700" ind1="1" ind2=" ">
   <subfield code="a">Hirsch, Antonia</subfield>
   <subfield code="d">1968-</subfield>
   <subfield code="e">translator.</subfield>
  </datafield>
  <datafield tag="710" ind1="2" ind2=" ">
   <subfield code="a">Cadenza Academic Translations</subfield>
   <subfield code="e">translator.</subfield>
  </datafield>
  <datafield tag="842" ind1=" " ind2=" ">
   <subfield code="a">Electronic resource</subfield>
  </datafield>
  <datafield tag="856" ind1="4" ind2="0">
   <subfield code="z">Available for the University of the Philippines Diliman on campus and remote via EBSCO eBooks.</subfield>
   <subfield code="y">Click here to access thru OpenAthens</subfield>
   <subfield code="u">http://search.ebscohost.com/login.aspx?direct=true&amp;scope=site&amp;db=nlebk&amp;db=nlabk&amp;AN=3189643</subfield>
   <subfield code="z">(viewed 24 May 2023)</subfield>
  </datafield>
  <datafield tag="905" ind1=" " ind2=" ">
   <subfield code="a">FO</subfield>
  </datafield>
  <datafield tag="852" ind1="0" ind2=" ">
   <subfield code="a">UPD</subfield>
   <subfield code="b">DCAL</subfield>
   <subfield code="h">PN 45</subfield>
   <subfield code="i">G5273513 2022EB</subfield>
  </datafield>
  <datafield tag="942" ind1=" " ind2=" ">
   <subfield code="a">Electronic Resource</subfield>
  </datafield>
 </record>
</collection>
